A Political Economy of Behavioural Public Policy

Saved in:
Bibliographic Details
Main Author: Oliver, Adam
Format: Book
Language:English
Published: Cambridge Cambridge University Press 2023
Edition:1st Edition
Subjects:
Tags: Add Tag
No Tags, Be the first to tag this record!

MARC

LEADER 00000nam a2200000 4500
001 0302855
005 20241008100037.6
020 |a 978-1-009-28255-0 
020 |a 978-1-009-28256-7 
041 0 |a eng 
044 |a GB 
245 1 0 |a A Political Economy of Behavioural Public Policy  |c Adam Oliver 
250 |a 1st Edition 
264 1 |a Cambridge  |b Cambridge University Press  |c 2023 
300 |a 221 s. 
610 2 0 |a politika verejná 
610 2 0 |a ekonómia politická 
610 2 0 |a vzťahy politické medzinárodné 
610 2 0 |a makroekonomika 
100 1 |a Oliver, Adam